[Event "SF Reckenfeld 1 - SC Klein-Berlin Rhein"]
[Site "Verbandsklasse 2021/2022"]
[Date "2022.04.02"]
[Round "1.2"]
[White "Lachmuth, Mathias"]
[Black "Miethe, Christoph"]
[Result "1/2-1/2"]
[WhiteElo "1673"]
[BlackElo "1736"]
[PlyCount "75"]
[EventDate "2022.??.??"]
[SourceTitle "Verband Muensterland"]
[SourceDate "2022.04.10"]
[SourceVersion "1"]
[SourceVersionDate "2022.04.10"]
[SourceQuality "1"]
[WhiteTeam "Reckenfeld"]
[BlackTeam "Rheine Klein-Berlin II"]
[WhiteTeamCountry "GER"]
[BlackTeamCountry "GER"]

1. Nf3 e6 2. b3 d5 3. Bb2 Nf6 4. e3 c5 5. c4 dxc4 6. Bxc4 Be7 7. O-O O-O 8. d4
cxd4 9. Nxd4 Bd7 10. Nd2 Nc6 11. N2f3 a6 12. a4 Rc8 13. Qe2 Qb6 14. Nxc6 Bxc6
15. Bd4 Bxf3 16. Qxf3 Qc6 17. Qxc6 Rxc6 18. Bxf6 Bxf6 19. Rad1 Rfc8 20. Rd7
R6c7 21. Rxc7 Rxc7 22. Rd1 g6 23. Kf1 Kg7 24. Ke2 Be7 25. Rd2 h6 26. Rc2 b5 27.
axb5 axb5 28. Bd3 Rxc2+ 29. Bxc2 b4 30. Bd3 e5 31. e4 Bc5 32. f3 f6 33. g4 Kf7
34. Bc4+ Ke7 35. Bd5 Kd6 36. Bf7 g5 37. Bc4 Bg1 38. h3 1/2-1/2

[Event "SF Reckenfeld 1 - SC Klein-Berlin Rhein"]
[Site "Verbandsklasse 2021/2022"]
[Date "2022.04.02"]
[Round "1.3"]
[White "Huesmann, Stephan"]
[Black "Merschkoetter, Peter"]
[Result "1/2-1/2"]
[WhiteElo "1639"]
[BlackElo "1656"]
[PlyCount "34"]
[EventDate "2022.??.??"]
[SourceTitle "Verband Muensterland"]
[SourceDate "2022.04.10"]
[SourceVersion "1"]
[SourceVersionDate "2022.04.10"]
[SourceQuality "1"]
[WhiteTeam "Rheine Klein-Berlin II"]
[BlackTeam "Reckenfeld"]
[WhiteTeamCountry "GER"]
[BlackTeamCountry "GER"]

1. e4 c6 2. d4 d5 3. e5 c5 4. f4 cxd4 5. Nf3 Nc6 6. Bd3 Bg4 7. O-O e6 8. c3
dxc3 9. Nxc3 Bc5+ 10. Kh1 a6 11. h3 h5 12. Be2 Bf5 13. a3 b5 14. Bd2 d4 15.
Nxb5 axb5 16. Bxb5 Nge7 17. Rc1 Qd5 1/2-1/2

[Event "SF Reckenfeld 1 - SC Klein-Berlin Rhein"]
[Site "Verbandsklasse 2021/2022"]
[Date "2022.04.02"]
[Round "1.4"]
[White "Roewekamp, Andre"]
[Black "Kruempelmann, Uwe"]
[Result "1/2-1/2"]
[WhiteElo "1602"]
[BlackElo "1788"]
[PlyCount "57"]
[EventDate "2022.??.??"]
[SourceTitle "Verband Muensterland"]
[SourceDate "2022.04.10"]
[SourceVersion "1"]
[SourceVersionDate "2022.04.10"]
[SourceQuality "1"]
[WhiteTeam "Reckenfeld"]
[BlackTeam "Rheine Klein-Berlin II"]
[WhiteTeamCountry "GER"]
[BlackTeamCountry "GER"]

1. e4 c5 2. Nf3 Nc6 3. d4 cxd4 4. Nxd4 e6 5. Bc4 Nf6 6. Nc3 a6 7. Nxc6 dxc6 8.
Qxd8+ Kxd8 9. O-O Bc5 10. Bg5 h6 11. Bh4 b5 12. Be2 e5 13. a3 Be6 14. Rfd1+ Ke7
15. Kf1 Rad8 16. f3 Bd4 17. Bf2 Rd7 18. Bxd4 exd4 19. Nb1 Rhd8 20. a4 Bc4 21.
axb5 axb5 22. Ra6 d3 23. cxd3 Bxd3 24. Bxd3 Rxd3 25. Rxd3 Rxd3 26. Nc3 Rd2 27.
b4 Rb2 28. Rxc6 Rxb4 29. e5 1/2-1/2

[Event "SF Reckenfeld 1 - SC Klein-Berlin Rhein"]
[Site "Verbandsklasse 2021/2022"]
[Date "2022.04.02"]
[Round "1.6"]
[White "Winkelsett, Carsten"]
[Black "Schmiemann, Karlheinz"]
[Result "1-0"]
[WhiteElo "1574"]
[BlackElo "1383"]
[PlyCount "78"]
[EventDate "2022.??.??"]
[SourceTitle "Verband Muensterland"]
[SourceDate "2022.04.10"]
[SourceVersion "1"]
[SourceVersionDate "2022.04.10"]
[SourceQuality "1"]
[WhiteTeam "Reckenfeld"]
[BlackTeam "Rheine Klein-Berlin II"]
[WhiteTeamCountry "GER"]
[BlackTeamCountry "GER"]

1. Nf3 Nc6 2. d4 d5 3. c4 e6 4. Nc3 dxc4 5. e4 Bb4 6. Bxc4 Nf6 7. Qc2 h6 8. O-O
O-O 9. d5 Na5 10. Qe2 Nxc4 11. Qxc4 Ba5 12. b4 Bb6 13. h3 a5 14. b5 Qe7 15. Bf4
Bc5 16. e5 Nxd5 17. Nxd5 exd5 18. Qxd5 Rd8 19. Qe4 Qe6 20. Rfd1 Re8 21. Nd4 Qc4
22. Rac1 Qb4 23. Qd5 Bb6 24. Rd3 Rb8 25. e6 Bxe6 26. Nxe6 fxe6 27. Qe5 Qe7 28.
Rg3 Qf7 29. Rc2 g5 30. h4 Qf5 31. Qxf5 exf5 32. hxg5 Re1+ 33. Kh2 hxg5 34.
Rxg5+ Kf7 35. Rxf5+ Kg6 36. Rg5+ Kf6 37. Kg3 Rc8 38. Kf3 Rd1 39. Kg4 Rd4 1-0

[Event "SV Heiden 1 - SV Heiden 2"]
[Site "Verbandsklasse 2021/2022"]
[Date "2022.04.02"]
[Round "1.1"]
[White "Schulze Forsthoevel, Manfred"]
[Black "Wienen, Hermann"]
[Result "0-1"]
[WhiteElo "1491"]
[BlackElo "1901"]
[PlyCount "88"]
[EventDate "2022.??.??"]
[SourceTitle "Verband Muensterland"]
[SourceDate "2022.04.10"]
[SourceVersion "1"]
[SourceVersionDate "2022.04.10"]
[SourceQuality "1"]
[WhiteTeam "Heiden II"]
[BlackTeam "Heiden"]
[WhiteTeamCountry "GER"]
[BlackTeamCountry "GER"]

1. Nf3 c5 2. d3 d5 3. g3 Nc6 4. Bg2 Nf6 5. O-O g6 6. Re1 Bg7 7. Nbd2 O-O 8. e4
dxe4 9. Nxe4 Nxe4 10. dxe4 Qb6 11. c3 Rd8 12. Qb3 Qxb3 13. axb3 Be6 14. Be3 b6
15. Nd2 Ne5 16. Red1 a5 17. Rab1 Rac8 18. Bg5 Kf8 19. Bf4 Nd3 20. Bf1 Nxf4 21.
gxf4 Bh6 22. Nc4 Bxf4 23. Nxb6 Bxb3 24. Nxc8 Bxd1 25. Nb6 Bc2 26. Re1 e6 27.
Nc4 a4 28. f3 Bb3 29. Be2 Rb8 30. Ra1 Bxc4 31. Bxc4 Rxb2 32. h3 Rc2 33. Rxa4
Rxc3 34. Be2 Be3+ 35. Kf1 Kg7 36. Rc4 Rb3 37. Rc2 Rb1+ 38. Kg2 Kf6 39. Kh2 Ke5
40. Kg2 Bd4 41. Rd2 Kf4 42. Bf1 e5 43. Rc2 f5 44. Re2 Rb3 0-1

[Event "SV Heiden 1 - SV Heiden 2"]
[Site "Verbandsklasse 2021/2022"]
[Date "2022.04.02"]
[Round "1.3"]
[White "Buchner, Ralf"]
[Black "Niewerth, Gerd"]
[Result "0-1"]
[WhiteElo "1684"]
[BlackElo "1780"]
[PlyCount "88"]
[EventDate "2022.??.??"]
[SourceTitle "Verband Muensterland"]
[SourceDate "2022.04.10"]
[SourceVersion "1"]
[SourceVersionDate "2022.04.10"]
[SourceQuality "1"]
[WhiteTeam "Heiden II"]
[BlackTeam "Heiden"]
[WhiteTeamCountry "GER"]
[BlackTeamCountry "GER"]

1. d4 Nf6 2. Nc3 d5 3. Nf3 Bf5 4. Bf4 e6 5. a3 a6 6. e3 c5 7. dxc5 Bxc5 8. Bd3
Bg4 9. h3 Bh5 10. g4 Bg6 11. Bxg6 hxg6 12. Nd4 Nbd7 13. Nb3 Be7 14. Qe2 Rc8 15.
Bg3 b5 16. f3 Nb6 17. Nd2 Nc4 18. Nxc4 Rxc4 19. Nd1 Bd6 20. Bxd6 Qxd6 21. Kf2
O-O 22. Kg2 Rfc8 23. c3 e5 24. Nf2 e4 25. f4 a5 26. Rhd1 b4 27. axb4 axb4 28.
cxb4 Qxb4 29. Qd2 Qb6 30. Rac1 Qb3 31. Rxc4 Rxc4 32. Rc1 Rxc1 33. Qxc1 d4 34.
Nd1 d3 35. Qa1 Nd5 36. Kg3 Kh7 37. f5 Qc2 38. fxg6+ fxg6 39. Nf2 Qe2 40. Qg1
Qxe3+ 41. Kh2 Qe2 42. Qg3 Nf6 43. b4 e3 44. Kg2 d2 0-1

[Event "SV Heiden 1 - SV Heiden 2"]
[Site "Verbandsklasse 2021/2022"]
[Date "2022.04.02"]
[Round "1.5"]
[White "Sicking, Andreas"]
[Black "Sicking, Norbert"]
[Result "0-1"]
[WhiteElo "1606"]
[BlackElo "1749"]
[PlyCount "86"]
[EventDate "2022.??.??"]
[SourceTitle "Verband Muensterland"]
[SourceDate "2022.04.10"]
[SourceVersion "1"]
[SourceVersionDate "2022.04.10"]
[SourceQuality "1"]
[WhiteTeam "Heiden II"]
[BlackTeam "Heiden"]
[WhiteTeamCountry "GER"]
[BlackTeamCountry "GER"]

1. e4 d6 2. d4 g6 3. Nf3 Bg7 4. c3 Bg4 5. Be2 Nd7 6. O-O Ngf6 7. Nbd2 O-O 8.
Ng5 Bxe2 9. Qxe2 h6 10. Ngf3 e5 11. d5 Nh5 12. g3 Kh8 13. Nc4 Nhf6 14. Kg2 Nc5
15. Ncd2 Qc8 16. Nh4 b6 17. a4 Qa6 18. Qxa6 Nxa6 19. b4 h5 20. Re1 Rfc8 21. f3
Nb8 22. Nc4 Nbd7 23. Be3 Ng8 24. f4 exf4 25. Bd4 fxg3 26. hxg3 f6 27. Ra2 Ne5
28. Na3 a6 29. Nf3 Nxf3 30. Kxf3 Nh6 31. Nc4 Rf8 32. Rae2 Ng4 33. Kg2 Ne5 34.
Nb2 b5 35. a5 Rac8 36. Rd1 c6 37. Nd3 g5 38. Nxe5 fxe5 39. Bb6 cxd5 40. Rxd5
Rf6 41. Red2 Bf8 42. R5d3 Be7 43. Be3 Rg6 0-1

[Event "SV Heiden 1 - SV Heiden 2"]
[Site "Verbandsklasse 2021/2022"]
[Date "2022.04.02"]
[Round "1.6"]
[White "Vestrick, Frank"]
[Black "Speer, Gerd"]
[Result "1-0"]
[WhiteElo "1797"]
[BlackElo "1633"]
[PlyCount "43"]
[EventDate "2022.??.??"]
[SourceTitle "Verband Muensterland"]
[SourceDate "2022.04.10"]
[SourceVersion "1"]
[SourceVersionDate "2022.04.10"]
[SourceQuality "1"]
[WhiteTeam "Heiden"]
[BlackTeam "Heiden II"]
[WhiteTeamCountry "GER"]
[BlackTeamCountry "GER"]

1. d4 d5 2. c4 c6 3. Nc3 Nf6 4. Nf3 e6 5. Bg5 Nbd7 6. e3 Bb4 7. Qc2 h6 8. Bh4
Qa5 9. Nd2 Ne4 10. Ndxe4 dxe4 11. Be2 O-O 12. O-O Bxc3 13. bxc3 f5 14. Be7 Rf7
15. Bd6 Nf6 16. Qb3 Qd8 17. c5 Kh7 18. f3 exf3 19. Rxf3 Ne4 20. Rc1 Nxd6 21.
cxd6 Qxd6 22. e4 1-0

[Event "SK Dülmen 2 - Indische Dame Münster 1"]
[Site "Verbandsklasse 2021/2022"]
[Date "2022.04.02"]
[Round "1.1"]
[White "Frie, Michael"]
[Black "Wilms, Gerwin"]
[Result "1/2-1/2"]
[WhiteElo "1853"]
[BlackElo "1599"]
[PlyCount "35"]
[EventDate "2022.??.??"]
[SourceTitle "Verband Muensterland"]
[SourceDate "2022.04.10"]
[SourceVersion "1"]
[SourceVersionDate "2022.04.10"]
[SourceQuality "1"]
[WhiteTeam "Muenster Indische Dame"]
[BlackTeam "Duelmen II"]
[WhiteTeamCountry "GER"]
[BlackTeamCountry "GER"]

1. e4 e6 2. d3 c5 3. Nc3 Nc6 4. g3 d6 5. Bg2 Be7 6. Nge2 Bd7 7. O-O Nf6 8. a4
a6 9. d4 cxd4 10. Nxd4 O-O 11. Nb3 Rb8 12. Qe2 Qc7 13. Rd1 Na5 14. Nd4 Rfc8 15.
Bf1 h6 16. Be3 Nc4 17. Bc1 Na5 18. Be3 1/2-1/2

[Event "SK Dülmen 2 - Indische Dame Münster 1"]
[Site "Verbandsklasse 2021/2022"]
[Date "2022.04.02"]
[Round "1.2"]
[White "Krimphove, Martin"]
[Black "Tenberge, Norbert"]
[Result "1/2-1/2"]
[WhiteElo "1539"]
[BlackElo "1788"]
[PlyCount "118"]
[EventDate "2022.??.??"]
[SourceTitle "Verband Muensterland"]
[SourceDate "2022.04.10"]
[SourceVersion "1"]
[SourceVersionDate "2022.04.10"]
[SourceQuality "1"]
[WhiteTeam "Duelmen II"]
[BlackTeam "Muenster Indische Dame"]
[WhiteTeamCountry "GER"]
[BlackTeamCountry "GER"]

1. Nf3 d5 2. d4 Nf6 3. Bg5 Ne4 4. Bf4 e6 5. e3 Nd7 6. Bd3 Bd6 7. Bg3 Ndf6 8.
Nbd2 c5 9. c3 O-O 10. Qc2 Nxd2 11. Nxd2 b6 12. Bxd6 Qxd6 13. Nf3 a5 14. O-O Ba6
15. Bxa6 Rxa6 16. Qe2 Ra7 17. Ne5 Nd7 18. Nxd7 Rxd7 19. Rfd1 Rfd8 20. Rac1 c4
21. e4 b5 22. exd5 Qxd5 23. Re1 g6 24. Qe5 h5 25. Qxd5 Rxd5 26. a3 Kf8 27. f4
Ke7 28. Kf2 f6 29. Re3 Kf7 30. Rce1 R5d6 31. Kf3 Rb8 32. h3 b4 33. axb4 axb4
34. g4 hxg4+ 35. hxg4 bxc3 36. bxc3 Rh8 37. Kg3 Ra6 38. d5 Re8 39. Kf3 Rd6 40.
Rxe6 Rexe6 41. dxe6+ Ke7 42. f5 gxf5 43. gxf5 Rd3+ 44. Re3 Rd1 45. Ke2 Rc1 46.
Rf3 Rc2+ 47. Kd1 Ra2 48. Rf4 Ra5 49. Ke2 Rd5 50. Kf2 Re5 51. Kg3 Rc5 52. Kg4
Rc8 53. Rd4 Rg8+ 54. Kh5 Rg5+ 55. Kh4 Rxf5 56. Re4 Re5 57. Rxc4 Kxe6 58. Kg4
Kd6 59. Kf4 Rc5 1/2-1/2

[Event "SK Dülmen 2 - Indische Dame Münster 1"]
[Site "Verbandsklasse 2021/2022"]
[Date "2022.04.02"]
[Round "1.3"]
[White "Wichmann, Norbert"]
[Black "Ulunque Villazon, Humberto"]
[Result "0-1"]
[WhiteElo "1747"]
[BlackElo "1580"]
[PlyCount "100"]
[EventDate "2022.??.??"]
[SourceTitle "Verband Muensterland"]
[SourceDate "2022.04.10"]
[SourceVersion "1"]
[SourceVersionDate "2022.04.10"]
[SourceQuality "1"]
[WhiteTeam "Muenster Indische Dame"]
[BlackTeam "Duelmen II"]
[WhiteTeamCountry "GER"]
[BlackTeamCountry "GER"]

1. d4 d5 2. Nf3 Nf6 3. Nbd2 e6 4. a3 c5 5. dxc5 Bxc5 6. b4 Be7 7. Bb2 O-O 8. c4
b6 9. e3 Bb7 10. Bd3 Nbd7 11. O-O Qb8 12. cxd5 exd5 13. Re1 Bd6 14. e4 Ng4 15.
Nf1 Re8 16. exd5 Rxe1 17. Qxe1 Bxd5 18. h3 Nge5 19. Nxe5 Bxe5 20. Rb1 Bxb2 21.
Rxb2 Ne5 22. Re2 Nxd3 23. Qd2 Nf4 24. Re7 Bxg2 25. Ne3 Bxh3 26. Nc4 Ng6 27. Re3
Be6 28. Nd6 Qd8 29. Rd3 Ne5 30. Rc3 Qf6 31. f4 Ng6 32. Rf3 Nh4 33. Rc3 Rd8 34.
Rg3 Nf5 35. Rd3 Rxd6 36. Rxd6 Nxd6 37. Qxd6 h5 38. Qb8+ Kh7 39. Qxa7 Qd4+ 40.
Kg2 Bd5+ 41. Kf1 Qxf4+ 42. Ke2 Bc4+ 43. Kd1 Qf2 44. Kc1 Bb3 45. Qc7 h4 46. Qc3
Qc2+ 47. Qxc2+ Bxc2 48. Kxc2 h3 49. a4 h2 50. a5 bxa5 0-1

[Event "SK Dülmen 2 - Indische Dame Münster 1"]
[Site "Verbandsklasse 2021/2022"]
[Date "2022.04.02"]
[Round "1.4"]
[White "Hoffmann, Klaus Peter"]
[Black "Ter Veen, Michael"]
[Result "0-1"]
[WhiteElo "1500"]
[BlackElo "1614"]
[PlyCount "28"]
[EventDate "2022.??.??"]
[SourceTitle "Verband Muensterland"]
[SourceDate "2022.04.10"]
[SourceVersion "1"]
[SourceVersionDate "2022.04.10"]
[SourceQuality "1"]
[WhiteTeam "Duelmen II"]
[BlackTeam "Muenster Indische Dame"]
[WhiteTeamCountry "GER"]
[BlackTeamCountry "GER"]

1. d4 d5 2. c4 e6 3. Nc3 Nf6 4. Bg5 Be7 5. e3 c6 6. c5 b5 7. b4 a5 8. a3 O-O 9.
Bd3 Nbd7 10. Nf3 Re8 11. h3 Bf8 12. Ne5 Qc7 13. Ng4 Ne4 14. Qc2 Nxg5 0-1

[Event "SK Dülmen 2 - Indische Dame Münster 1"]
[Site "Verbandsklasse 2021/2022"]
[Date "2022.04.02"]
[Round "1.6"]
[White "Zadoroznij, Michael"]
[Black "Diersen, Joerg"]
[Result "0-1"]
[WhiteElo "1249"]
[BlackElo "1866"]
[PlyCount "98"]
[EventDate "2022.??.??"]
[SourceTitle "Verband Muensterland"]
[SourceDate "2022.04.10"]
[SourceVersion "1"]
[SourceVersionDate "2022.04.10"]
[SourceQuality "1"]
[WhiteTeam "Duelmen II"]
[BlackTeam "Muenster Indische Dame"]
[WhiteTeamCountry "GER"]
[BlackTeamCountry "GER"]

1. e4 c5 2. Nc3 Nc6 3. Nf3 g6 4. Bc4 Bg7 5. O-O Nf6 6. d3 O-O 7. h3 d6 8. Be3
Na5 9. a3 Nxc4 10. dxc4 Be6 11. Qe2 Qc7 12. Rad1 a6 13. Bf4 Nh5 14. Bh2 Bxc3
15. bxc3 Qa5 16. g4 Ng7 17. Qd2 Bxc4 18. Rfe1 Ne6 19. Ng5 f6 20. Nxe6 Bxe6 21.
Qe3 c4 22. Qg3 Rac8 23. f4 Bd7 24. f5 Qc5+ 25. Re3 Bc6 26. fxg6 hxg6 27. Kf1
Kg7 28. Bg1 Qe5 29. Qg2 Rf7 30. Bh2 Qc5 31. Ke2 Rcf8 32. Bg1 Qxa3 33. Qg3 Qb2
34. h4 Qxc2+ 35. Rd2 Qb1 36. Rd1 Qb5 37. Qh3 Rh8 38. Bf2 a5 39. Qg3 a4 40. h5
g5 41. Qh2 a3 42. Rh1 Kh6 43. Kf3 a2 44. Ree1 Ra8 45. Be3 Ra5 46. Qc2 Rf8 47.
Ke2 Qe5 48. Rhf1 Bxe4 49. Qd2 Qd5 0-1